LEADER 01458ncm 2200409Ia 450 001 996391736203316 005 20221108033316.0 035 $a(CKB)1000000000657433 035 $a(EEBO)2240899846 035 $a(OCoLC)12922430 035 $a(EXLCZ)991000000000657433 100 $a19851216d1652 uy | 101 0 $aeng 135 $aurbn||||a|bb| 200 00$aMusicks recreation on the lyra viol$b[electronic resource] $ebeing a choice collection of new and excellent lessons for the lyra viol, both easie and delightfull for all yong [sic] practitioners : to which is added some few plain directions as a guide for beginners 210 $aLondon $cPrinted for John Playford, and are to be sold at his shop ...$d1652 215 $a[6] p., 80 p. of music 300 $aDedication signed: J.P. 300 $aErrata: p. [6]. 300 $aReproduction of original in British Library. 330 $aeebo-0018 606 $aLyra viol$vFingering 606 $aTablature (Musical notation)$xInstruction and study 606 $aLyra viol music 615 0$aLyra viol 615 0$aTablature (Musical notation)$xInstruction and study. 615 0$aLyra viol music. 701 $aPlayford$b John$f1623-1686?$0793147 801 0$bEAA 801 1$bEAA 801 2$bm/c 801 2$bEAA 801 2$bWaOLN 906 $aBOOK 912 $a996391736203316 996 $aMusicks recreation on the lyra viol$92412703 997 $aUNISA LEADER 01101nam a2200265 i 4500 001 991001373309707536 005 20020507125036.0 008 991006s1997 it ||| | ita 020 $a8814061572$c28000 035 $ab10211640-39ule_inst 035 $aLE02984750$9ExL 040 $aISUFI - Sett. Diritti e Politiche Euromediterranee$bita 082 0 $a346 100 1 $aMassa Felsani, Fabiana$0239524 245 10$aContributo all'analisi del know-how /$cFabiana Massa Felsani 260 $aMilano :$bGiuffrè,$c1997 300 $aviii, 218 p. ;$c24 cm 490 0 $aPubblicazioni della Facoltà di giurisprudenza / II Università degli studi di Roma. [poi] Università degli studi di Roma Tor Vergata. Sezione di diritto e procedura civile ;$v3 650 4$aKnow-how 907 $a.b10211640$b17-02-17$c27-06-02 912 $a991001373309707536 945 $aLE029 346 FEL01.01$g1$iLE029-0106$lle029$o-$pE0.00$q-$rn$so $t0$u0$v0$w0$x0$y.i10260298$z27-06-02 996 $aContributo all'analisi del know-how$9191959 997 $aUNISALENTO 998 $ale029$b01-01-99$cm$da $e-$fita$git $h0$i1